|
|
|
|
| LEADER |
00000nam0a2200000 4500 |
| 001 |
191710 |
| 005 |
20231031180811.0 |
| 010 |
|
|
|a 5211002202
|
| 035 |
|
|
|a (RuTPU)RU\TPU\book\209065
|
| 090 |
|
|
|a 191710
|
| 100 |
|
|
|a 20110210d1989 k y0rusy50 ca
|
| 101 |
0 |
|
|a rus
|
| 102 |
|
|
|a RU
|
| 105 |
|
|
|a y z 001zy
|
| 200 |
1 |
|
|a Интегративные тенденции в современном мире и социальный прогресс
|f под ред. М. А. Розова
|
| 210 |
|
|
|a Москва
|c Изд-во Московского ун-та
|d 1989
|
| 215 |
|
|
|a 232 с.
|
| 320 |
|
|
|a Библиогр.: с. 219-224.
|
| 610 |
1 |
|
|a политика
|
| 610 |
1 |
|
|a экономика
|
| 610 |
1 |
|
|a социология
|
| 610 |
1 |
|
|a наука
|
| 610 |
1 |
|
|a естествознание
|
| 610 |
1 |
|
|a научно-технический прогресс
|
| 610 |
1 |
|
|a интеграция
|
| 610 |
1 |
|
|a общество
|
| 610 |
1 |
|
|a природа
|
| 610 |
1 |
|
|a компьютеризация
|
| 686 |
|
|
|a Ч210
|v LBC/SL-A
|2 rubbk
|
| 686 |
|
|
|a У9(2)0-551
|v LBC/SL-A
|2 rubbk
|
| 702 |
|
1 |
|a Розов
|b М. А.
|4 340
|
| 801 |
|
1 |
|a RU
|b 63413507
|c 20110210
|
| 801 |
|
2 |
|a RU
|b 63413507
|c 20110222
|g RCR
|
| 942 |
|
|
|c BK
|